00476 a2200145 4500003000500000038000600005082001200011100001400023245005000037260008200087300004300169500005500212563000600267856005700273NUST aa aBICSE-2 a Ali Raza aEnergy Efficient Video Processing c Ali Raza a Islamabad,bNUST School of Electrical Engineering & Computer Science,c2008. avii, 56 p.b: ill.c; 27 cm. +eCD-ROM aSupervisors : Dr. Syed Ali Khayam, Dr. Arshad Ali. aa uhttp://10.250.8.41:8080/xmlui/handle/123456789/10275